000 01086 a2200205 4500
001 39534
005 20260407155653.0
008 260407a1973 arg spa d
003 AR-UNSa-BCEJYS
040 _aAR-UNSa-BCEJYS
_bspa
_cAR-UNSa-BCEJYS
080 _a658.3
_xPersonal. Relaciones humanas en la empresa (Recursos Humanos)
245 1 0 _aConciliación de conflictos interpersonales
_pConfrontaciones y consultoria de mediadores
264 1 _aMéxico :
_bCentro Regional de Ayuda Técnica
_c1973
300 _a166 p.
_c21 cm.
505 _a1. Introducción - 2. Hugo-Germán: negación de una relación - 3. Alberto-Jorge: negociación de un conflicto intensamente sentido - 4. Jaime - Carlos: la búsqueda de un ajuste - 5. Modelo de diagnóstico de conflicto interpersonal - 6. Confrontaciones y funciones estratégicas del mediador - 7. Intervenciones del mediador y elecciones tácticas - 8. Cualidades del mediador - 9. Resúmen y conclusiones - Glosario
942 _cBK
590 _aniveau_biblio:m niveau_hierar:0
100 1 _aWalton, Richard E.
700 1 _aGaos, Angel
999 _c3062
_d3062